Word Ladder: Martha's Island? Quiz Stats

Quiz Updated Aug 23, 2017

Challenge
Share
Tweet
Embed
Score 0/10 Timer 01:30
1 Play Today
Clue 4-Letter Word % Correct
'Yours, ___ and Ours'MINE
99.1%
Common gum flavorMINT
98.7%
DifficultHARD
98.5%
Wal- or K- follower in retailMART
98.5%
Race loser to the tortoiseHARE
98.4%
A female horseMARE
98.2%
3 feet•YARD•
97%
The morning fogMIST
97%
Part of a boat that holds the sailMAST
96.7%
Hollywood and ___•VINE•
80%

Today's Daily Dose

Word Ladder
KISS Hit

On This Day
January 22nd

You're not logged in!

Compare scores with friends on all Sporcle quizzes.
Sign Up with Email
OR
Log In

You Might Also Like...

Show Comments

Extras

Top Quizzes Today


Score Distribution

Your Account Isn't Verified!

In order to create a playlist on Sporcle, you need to verify the email address you used during registration. Go to your Sporcle Settings to finish the process.